000
00191nam a22000977a 4500
041
_a
eng
080
_a
80
100
_a
Matthiessen, P.
245
_a
The Tree Where Man Was Born
999
_c
280284
_d
280284
942
_c
BK